| 000 | 00976nam a2200265 i 4500 | ||
|---|---|---|---|
| 001 | 124732 | ||
| 003 | ES-MaACL | ||
| 005 | 20250429133105.0 | ||
| 007 | t| | ||
| 008 | 070418s1919 sp |||| | spa d | ||
| 080 | _a860-25"18" | ||
| 100 | 1 |
_aZorrilla, José, _d1817-1893 _9118354 |
|
| 245 | 1 | 0 |
_aSancho García _b: composición trágica en tres actos / _coriginal de José Zorrilla. |
| 260 |
_a[Madrid : _bLa Novela Teatral, _c1919] |
||
| 300 |
_a24 h. ; _c20 cm. |
||
| 490 | 1 |
_aLa novela teatral ; _v131 |
|
| 500 | _aEn cub.: caricatura de Ana Siria por Tovar. | ||
| 530 | _aDisponible en formato digital. | ||
| 700 | 0 |
_aTovar _c, ilustrador. _9157378 |
|
| 830 | 0 |
_aLa novela teatral ; _v131 _9122427 |
|
| 852 |
_aES-MaACL _j2215-F-12 _cDEPOF _zRevisado enlace: 29 de Abril de 2025 |
||
| 856 |
_uhttp://bibliotecadigital.jcyl.es/i18n/consulta/registro.cmd?id=23909 _yBiblioteca Digital de Castilla y León |
||
| 942 | _2udc | ||
| 999 |
_c124732 _d124732 |
||